<?xml version="1.0" encoding="UTF-8"?><?xml-stylesheet type="text/xsl" href="static/style.xsl"?><OAI-PMH xmlns="http://www.openarchives.org/OAI/2.0/" xmlns:xsi="http://www.w3.org/2001/XMLSchema-instance" xsi:schemaLocation="http://www.openarchives.org/OAI/2.0/ http://www.openarchives.org/OAI/2.0/OAI-PMH.xsd"><responseDate>2026-04-14T04:23:56Z</responseDate><request verb="GetRecord" identifier="oai:www.recercat.cat:20.500.12327/4706" metadataPrefix="marc">https://recercat.cat/oai/request</request><GetRecord><record><header><identifier>oai:recercat.cat:20.500.12327/4706</identifier><datestamp>2025-10-22T11:20:01Z</datestamp><setSpec>com_2072_4428</setSpec><setSpec>com_2072_4427</setSpec><setSpec>col_2072_487898</setSpec></header><metadata><record xmlns="http://www.loc.gov/MARC21/slim" xmlns:dcterms="http://purl.org/dc/terms/" xmlns:xsi="http://www.w3.org/2001/XMLSchema-instance" xmlns:doc="http://www.lyncode.com/xoai" xsi:schemaLocation="http://www.loc.gov/MARC21/slim http://www.loc.gov/standards/marcxml/schema/MARC21slim.xsd">
   <leader>00925njm 22002777a 4500</leader>
   <datafield ind2=" " ind1=" " tag="042">
      <subfield code="a">dc</subfield>
   </datafield>
   <datafield ind2=" " ind1=" " tag="720">
      <subfield code="a">Barnés Calle, Clara</subfield>
      <subfield code="e">author</subfield>
   </datafield>
   <datafield ind2=" " ind1=" " tag="720">
      <subfield code="a">Bermúdez Ruiz, Alejandra</subfield>
      <subfield code="e">author</subfield>
   </datafield>
   <datafield ind2=" " ind1=" " tag="720">
      <subfield code="a">Lazo, Oxana</subfield>
      <subfield code="e">author</subfield>
   </datafield>
   <datafield ind2=" " ind1=" " tag="720">
      <subfield code="a">Guerrero, Luis</subfield>
      <subfield code="e">author</subfield>
   </datafield>
   <datafield ind2=" " ind1=" " tag="720">
      <subfield code="a">Claret Coma, Anna</subfield>
      <subfield code="e">author</subfield>
   </datafield>
   <datafield ind2=" " ind1=" " tag="720">
      <subfield code="a">Fulladosa, Elena</subfield>
      <subfield code="e">author</subfield>
   </datafield>
   <datafield ind2=" " ind1=" " tag="260">
      <subfield code="c">2025-08-23</subfield>
   </datafield>
   <datafield ind2=" " ind1=" " tag="520">
      <subfield code="a">Growing concerns about the ethical, health, and environmental impacts of rising meat consumption have driven interest in meat alternative proteins. However, consumer acceptance of meat alternative proteins remains a challenge, particularly in societies with deeply rooted meat consumption traditions. The present study investigated the main drivers and barriers influencing meat alternative protein acceptance and Spanish consumer behavioural intention towards its consumption by means of an extended version of the Theory of Planned Behaviour (TPB), including Moral Norm and Domain Specific Innovativeness scales. 95 consumers from two distinguished geographical locations participated in the survey, and Implicit Association Test was used to assess their subconscious biases and its effect on their intention to consume meat alternative proteins. Results showed that animal welfare, nutrition and reduction of the environmental impact were among the main drivers towards consumption of meat alternative products, while perception of them being highly processed and artificial raised ambiguity in relation to their health advantages. Consumer beliefs were influenced by age, education level, geographical location, and dietary habits, while gender had no significant effect. The TPB showed that attitude, innovation willingness, and consumers' sense of control regarding their purchase decisions, influenced their intention towards the consumption of meat alternative products. Moreover, the use of implicit techniques enabled the prediction of consumer behavioural intentions regarding meat alternative products based on their subconscious preconceptions, revealing the potential of integrating both techniques to identify specific strategies that encourage meat alternative protein adoption.</subfield>
   </datafield>
   <datafield ind1="8" ind2=" " tag="024">
      <subfield code="a">Barnés-Calle, Clara, Alejandra Bermúdez, Oxana Lazo, Luis Guerrero, Anna Claret, and Elena Fulladosa. 2025. “Impact of implicit biases on consumer behavioural intention towards meat alternative proteins”. Food Research International 221 (2): 117372. doi:10.1016/j.foodres.2025.117372.</subfield>
   </datafield>
   <datafield ind1="8" ind2=" " tag="024">
      <subfield code="a">0963-9969</subfield>
   </datafield>
   <datafield ind1="8" ind2=" " tag="024">
      <subfield code="a">http://hdl.handle.net/20.500.12327/4706</subfield>
   </datafield>
   <datafield ind1="8" ind2=" " tag="024">
      <subfield code="a">https://doi.org/10.1016/j.foodres.2025.117372</subfield>
   </datafield>
   <datafield ind2="0" ind1="0" tag="245">
      <subfield code="a">Impact of implicit biases on consumer behavioural intention towards meat alternative proteins</subfield>
   </datafield>
</record></metadata></record></GetRecord></OAI-PMH>